000
00272nam a2200121 a 4500
008
101022s1978|||| d
245
1
0
_a
Rozpamätávanie
100
1
_a
Lenčo, Ján
044
_a
xo
_c
SK
041
_a
slo
020
_c
29
260
_b
Smena
_a
Bratislava
_c
1978
999
_c
12089
_d
12089